[Event "X Weekend A"]
[Site "Gorgonzola ITA"]
[Date "2005.11.13"]
[Round "3"]
[White "Ranola, Yves"]
[Black "Salvador, Roland"]
[Result "1/2-1/2"]
[WhiteElo "2455"]
[BlackElo "2397"]
[PlyCount "30"]
[EventDate "2005.11.12"]

1. c4 Nf6 2. g3 c5 3. Bg2 Nc6 4. Nc3 b6 5. e4 e5 6. Nge2 d6 7. d3 Be7 8. h3 h6
9. O-O g5 10. a3 Rg8 11. b4 Be6 12. Nd5 Qd7 13. Kh2 h5 14. f3 Bxd5 15. cxd5 Nd4
1/2-1/2

[Event "X Weekend A"]
[Site "Gorgonzola ITA"]
[Date "2005.11.13"]
[Round "3"]
[White "Virzi, Ettore"]
[Black "Magrini, Riccardo"]
[Result "1/2-1/2"]
[WhiteElo "2001"]
[BlackElo "2194"]
[PlyCount "46"]
[EventDate "2005.11.12"]

1. e4 c5 2. Nf3 Nc6 3. d4 cxd4 4. Nxd4 Nf6 5. Nc3 e5 6. Ndb5 d6 7. Nd5 Nxd5 8.
exd5 Nb8 9. c4 Be7 10. Bd3 O-O 11. O-O a6 12. Nc3 f5 13. f3 Bg5 14. Kh1 Nd7 15.
b4 a5 16. a3 axb4 17. Bxg5 Qxg5 18. axb4 Rxa1 19. Qxa1 Qe3 20. Bc2 Qd2 21. Bb3
Kh8 22. Rd1 Qe3 23. Re1 Qd2 1/2-1/2

[Event "X Weekend A"]
[Site "Gorgonzola ITA"]
[Date "2005.11.19"]
[Round "4"]
[White "Agrifoglio, Fabio"]
[Black "Cervini, Gian Piero"]
[Result "1-0"]
[WhiteElo "2031"]
[BlackElo "2028"]
[PlyCount "111"]
[EventDate "2005.11.12"]

1. d4 Nf6 2. Nf3 g6 3. Bf4 d6 4. h3 Bg7 5. Nc3 c6 6. e4 b5 7. Bd3 Na6 8. Qe2
Qa5 9. O-O Nb4 10. e5 dxe5 11. Nxe5 O-O 12. Qf3 Bb7 13. a3 Nxd3 14. Nxd3 Nd5
15. Nxd5 cxd5 16. Be5 f6 17. Bg3 e5 18. Nc5 Bc6 19. Ne6 Rf7 20. Nxg7 Kxg7 21.
dxe5 fxe5 22. Bxe5+ Kg8 23. Qg3 Qb6 24. Rad1 b4 25. Bd4 Qb7 26. Qe5 Rg7 27.
Qxg7+ Qxg7 28. Bxg7 Kxg7 29. axb4 h5 30. Rfe1 a6 31. Re7+ Kh6 32. Rc7 Bb5 33.
Rxd5 Re8 34. Rd1 Re4 35. c3 Bc4 36. Rxc4 Rxc4 37. Rd6 Re4 38. Rxa6 Re1+ 39. Kh2
Re2 40. b3 Rxf2 41. b5 Rf5 42. c4 Kg5 43. b6 Rf8 44. b7 Rb8 45. Rb6 Kf5 46. Kg3
g5 47. Kf3 Ke5 48. Ke3 g4 49. hxg4 hxg4 50. g3 Kf5 51. c5 Ke5 52. b4 Kd5 53.
Kd3 Ke5 54. Kc4 Ke4 55. c6 Rd8 56. Kb5 1-0

[Event "X Weekend A"]
[Site "Gorgonzola ITA"]
[Date "2005.11.19"]
[Round "4"]
[White "Astengo, Corrado"]
[Black "Giretti Kanev, Jasen"]
[Result "1-0"]
[WhiteElo "2105"]
[BlackElo "2203"]
[PlyCount "89"]
[EventDate "2005.11.12"]

1. e4 c6 2. d4 d5 3. Nd2 dxe4 4. Nxe4 Nf6 5. Nxf6+ gxf6 6. Ne2 Na6 7. Bf4 Bf5
8. Ng3 Bg6 9. c3 Qb6 10. Qb3 O-O-O 11. Qxb6 axb6 12. O-O-O Nc7 13. h4 h5 14.
Bc4 b5 15. Bb3 Nd5 16. Bxd5 cxd5 17. Rhe1 e6 18. Kd2 b4 19. Rc1 Kd7 20. c4 b3
21. a3 Bc2 22. cxd5 e5 23. dxe5 fxe5 24. Bg5 Re8 25. Ne4 Kc7 26. Re3 Kb8 27. d6
Re6 28. d7 Be7 29. Bxe7 Rxe7 30. Nc5 Rd8 31. Nxb3 Bxb3 32. Rc8+ Rxc8 33.
dxc8=Q+ Kxc8 34. Rxb3 Kc7 35. Rf3 Kd6 36. Rf5 Ke6 37. Rxh5 Rd7+ 38. Ke3 Rc7 39.
g4 Rc2 40. Rh6+ Kd5 41. Rb6 Rc7 42. g5 Kc5 43. Rf6 b5 44. h5 Kd5 45. h6 1-0

[Event "X Weekend A"]
[Site "Gorgonzola ITA"]
[Date "2005.11.19"]
[Round "4"]
[White "Barlocco, Carlo"]
[Black "Brigati, Alessandro"]
[Result "0-1"]
[WhiteElo "2224"]
[BlackElo "2006"]
[PlyCount "74"]
[EventDate "2005.11.12"]

1. e4 d6 2. Nf3 Nf6 3. d3 g6 4. Be2 Bg7 5. O-O O-O 6. Nbd2 e5 7. c3 Nc6 8. b4
a6 9. Bb2 Bd7 10. a3 Nh5 11. Re1 Nf4 12. Bf1 h6 13. Nc4 f5 14. d4 fxe4 15. Nfd2
exd4 16. cxd4 d5 17. Ne5 Nxe5 18. dxe5 Qg5 19. Nxe4 Nh3+ 20. Kh1 dxe4 21. Qxd7
Nxf2+ 22. Kg1 Rae8 23. g3 Bxe5 24. Qd5+ Kg7 25. Bxe5+ Qxe5 26. Qxb7 Qd6 27.
Qxa6 Qd4 28. Qe2 Nh3+ 29. Kg2 Rf2+ 30. Kxh3 Rxe2 31. Bxe2 Qf2 32. a4 Rd8 33. a5
h5 34. a6 Kh6 35. Red1 Ra8 36. Ra2 g5 37. g4 hxg4+ 0-1

[Event "X Weekend A"]
[Site "Gorgonzola ITA"]
[Date "2005.11.19"]
[Round "4"]
[White "Bertazzo, Giorgio"]
[Black "Manzoni, Alessandro"]
[Result "1-0"]
[WhiteElo "2137"]
[BlackElo "2074"]
[PlyCount "167"]
[EventDate "2005.11.12"]

1. e4 d6 2. d4 Nf6 3. Nc3 g6 4. Be3 c6 5. h3 b5 6. e5 Nfd7 7. f4 Nb6 8. b3 Bh6
9. Nf3 b4 10. Ne4 Nd5 11. Qd2 a5 12. Bd3 O-O 13. c4 Nxe3 14. Qxe3 Qc7 15. O-O
f6 16. exd6 exd6 17. Ng3 Bd7 18. Ne2 Na6 19. Nh4 Rae8 20. Qg3 Bc8 21. Kh1 Qe7
22. Rf3 Qf7 23. Qf2 f5 24. g3 Bg7 25. Rd1 Nc7 26. Ng2 Re7 27. Re3 Rfe8 28. Rxe7
Rxe7 29. Kg1 Qe8 30. Kf1 Ne6 31. Bb1 Nf8 32. Rd3 Nd7 33. Re3 Nf6 34. Rxe7 Qxe7
35. Qe3 Kf7 36. Qxe7+ Kxe7 37. Kf2 d5 38. Bd3 Ne4+ 39. Ke3 Be6 40. c5 Bc8 41.
Nh4 Nf6 42. Nf3 Nd7 43. Neg1 Bf6 44. Ne2 h6 45. h4 Ke6 46. Ne1 Be7 47. Nf3 Bd8
48. Ne1 Nf6 49. Nc2 Ne4 50. Ne1 g5 51. hxg5 hxg5 52. Nf3 gxf4+ 53. gxf4 Bd7 54.
Ne5 Be8 55. Ba6 Bc7 56. Bc8+ Ke7 57. Bxf5 Nf6 58. Ng3 Ng8 59. Bc8 Kf6 60. Bb7
Ne7 61. Ba6 Bb8 62. Bd3 Bc7 63. Kf3 Bb8 64. Kg4 Bc7 65. Nf1 Kg7 66. Ne3 Kf6 67.
Kh4 Bd8 68. Kg3 Bc7 69. N3g4+ Ke6 70. Ne3 Kf6 71. Kg4 Bd8 72. Nc2 Ng8 73. Ne3
Nh6+ 74. Kg3 Ng8 75. N3g4+ Ke6 76. f5+ Ke7 77. Kf4 Bc7 78. Kg5 Bd8 79. f6+ Kf8
80. Ba6 Bc7 81. Bb7 Bd8 82. Bxc6 Bxc6 83. Nxc6 Bc7 84. Nge5 1-0

[Event "X Weekend A"]
[Site "Gorgonzola ITA"]
[Date "2005.11.19"]
[Round "4"]
[White "Bonade', Massimo"]
[Black "Bozzali, Ermanno"]
[Result "1/2-1/2"]
[WhiteElo "2070"]
[BlackElo "2108"]
[PlyCount "83"]
[EventDate "2005.11.12"]

1. d4 Nf6 2. c4 e6 3. Nc3 Bb4 4. e3 b6 5. Nge2 Ba6 6. a3 Bxc3+ 7. Nxc3 d5 8. b3
dxc4 9. bxc4 O-O 10. Bd3 Nc6 11. Qe2 e5 12. d5 Na5 13. e4 Ne8 14. Rb1 Nd6 15.
Nb5 f5 16. f3 fxe4 17. fxe4 c6 18. Nxd6 Qxd6 19. Rb4 Rac8 20. Be3 cxd5 21. cxd5
Bxd3 22. Qxd3 Qg6 23. Qe2 Nb7 24. Rf1 Nd6 25. Rxf8+ Rxf8 26. Bc1 Rc8 27. Bb2
Qg5 28. Kf1 b5 29. Rb3 Rc4 30. Re3 a6 31. Kg1 Rc2 32. Qxc2 Qxe3+ 33. Kf1 Nc4
34. Bc1 Qd4 35. g3 h6 36. Kg2 Kh7 37. h4 a5 38. Qe2 Kg8 39. Qg4 Nd2 40. Qc8+
Kh7 41. Qf5+ Kg8 42. Qc8+ 1/2-1/2

[Event "X Weekend A"]
[Site "Gorgonzola ITA"]
[Date "2005.11.19"]
[Round "4"]
[White "Cazzaniga, Walter"]
[Black "Facchetti, Gianni"]
[Result "1/2-1/2"]
[WhiteElo "2104"]
[BlackElo "2123"]
[PlyCount "79"]
[EventDate "2005.11.12"]

1. d4 Nf6 2. Nf3 d6 3. c4 Nbd7 4. Nc3 e5 5. e4 c6 6. Be2 Be7 7. O-O O-O 8. Qc2
Qc7 9. Rd1 Re8 10. Bg5 Nf8 11. h3 Ng6 12. dxe5 dxe5 13. Nh4 Nxh4 14. Bxh4 Be6
15. Bg3 Rad8 16. a3 a5 17. Na4 b6 18. f3 Rxd1+ 19. Rxd1 Rd8 20. Rxd8+ Bxd8 21.
Bf2 Nd7 22. b4 axb4 23. axb4 Be7 24. c5 bxc5 25. Nxc5 Nxc5 26. Bxc5 Bg5 27. Qd3
Qd7 28. Qxd7 Bxd7 29. Bc4 g6 30. Kf2 Kg7 31. Ke2 Bd8 32. Kd3 h5 33. Kc3 Kf6 34.
Bf2 Be6 35. Bxe6 Kxe6 36. Kc4 Be7 37. Be1 Kd6 38. Bc3 Bh4 39. Bd2 Bf2 40. Bg5
1/2-1/2

[Event "X Weekend A"]
[Site "Gorgonzola ITA"]
[Date "2005.11.19"]
[Round "4"]
[White "Magrini, Fabrizio"]
[Black "Bellani, Alessandro"]
[Result "1/2-1/2"]
[WhiteElo "2067"]
[BlackElo "2116"]
[PlyCount "111"]
[EventDate "2005.11.12"]

1. e4 c5 2. Nf3 d6 3. d4 cxd4 4. Nxd4 Nf6 5. Nc3 g6 6. Be3 Bg7 7. f3 O-O 8. Qd2
Nc6 9. Bc4 Bd7 10. h4 Rc8 11. Bb3 Ne5 12. O-O-O h5 13. Bg5 Rc5 14. Kb1 b5 15.
Rhe1 a5 16. f4 Neg4 17. e5 a4 18. exf6 exf6 19. Ne4 fxg5 20. Nxc5 dxc5 21. Nxb5
Qf6 22. Nc3 axb3 23. Qxd7 bxc2+ 24. Kxc2 gxf4 25. Qd6 Ne3+ 26. Rxe3 fxe3 27.
Qxf6 Bxf6 28. Kd3 Rb8 29. b3 Kg7 30. Ne4 Rd8+ 31. Ke2 Ra8 32. a4 Bd4 33. Ng5
Rb8 34. Rd3 Kf6 35. Nf3 Kf5 36. a5 Ke4 37. Ng5+ Kd5 38. Nf3 Rb5 39. b4 Rxb4 40.
Ra3 Rb2+ 41. Ke1 Rb1+ 42. Ke2 Ra1 43. Rxa1 Bxa1 44. a6 Kc6 45. Kxe3 Kb6 46. Ng5
Kxa6 47. Nxf7 Kb5 48. Kf4 Bf6 49. Nd6+ Kb4 50. g4 Bxh4 51. gxh5 gxh5 52. Kf3
Be7 53. Ne4 c4 54. Ke3 h4 55. Kf3 Ka3 56. Nd2 1/2-1/2

[Event "X Weekend A"]
[Site "Gorgonzola ITA"]
[Date "2005.11.19"]
[Round "4"]
[White "Magrini, Riccardo"]
[Black "Astengo, Marcello"]
[Result "1-0"]
[WhiteElo "2194"]
[BlackElo "2077"]
[PlyCount "65"]
[EventDate "2005.11.12"]

1. c4 e5 2. Nc3 Nc6 3. Nf3 Bc5 4. e3 Qe7 5. d3 Nf6 6. a3 a6 7. b4 Ba7 8. Qc2 d6
9. Be2 Bg4 10. Bb2 O-O 11. O-O Rad8 12. Nd5 Qd7 13. Rac1 Ne8 14. b5 Nb8 15. d4
Bxf3 16. Bxf3 exd4 17. exd4 axb5 18. cxb5 Qxb5 19. Ne7+ Kh8 20. d5 Nd7 21. Rb1
Qc5 22. Qd2 Bb6 23. Rfc1 Qa5 24. Qg5 Nc5 25. Ng6+ fxg6 26. Qxd8 Nd3 27. Qe7 Kg8
28. Bg4 Rxf2 29. Kh1 h6 30. Qxe8+ Kh7 31. Be6 h5 32. Qg8+ Kh6 33. h4 1-0

[Event "X Weekend A"]
[Site "Gorgonzola ITA"]
[Date "2005.11.19"]
[Round "4"]
[White "Piantoni, Roberto"]
[Black "Ranola, Yves"]
[Result "1/2-1/2"]
[WhiteElo "2153"]
[BlackElo "2455"]
[PlyCount "63"]
[EventDate "2005.11.12"]

1. d4 g6 2. e4 Bg7 3. c3 d5 4. exd5 Qxd5 5. Be2 Nc6 6. Bf3 Qd6 7. Na3 e5 8. Nb5
Qe7 9. d5 e4 10. Be2 Ne5 11. d6 cxd6 12. Qxd6 Nd3+ 13. Bxd3 exd3+ 14. Be3 Be5
15. Qxe7+ Nxe7 16. Nf3 Bb8 17. O-O-O a6 18. Nbd4 Nf5 19. Nxf5 Bxf5 20. Nd4 Bd7
21. Rxd3 O-O 22. Bh6 Rc8 23. Re1 b5 24. Re7 Ra7 25. Rf3 Be8 26. Nf5 Ra8 27.
Ree3 gxf5 28. Rg3+ Kh8 29. Bg7+ Kg8 30. Bh6+ Kh8 31. Bg7+ Kg8 32. Bh6+ 1/2-1/2

[Event "X Weekend A"]
[Site "Gorgonzola ITA"]
[Date "2005.11.19"]
[Round "4"]
[White "Salvador, Roland"]
[Black "Bressanelli, Roberto"]
[Result "1-0"]
[WhiteElo "2397"]
[BlackElo "2102"]
[PlyCount "91"]
[EventDate "2005.11.12"]

1. d4 d5 2. Nf3 Nf6 3. c4 dxc4 4. e3 a6 5. Bxc4 e6 6. O-O c5 7. Bb3 b5 8. e4
cxd4 9. e5 Nd5 10. Nbd2 Bb7 11. Ne4 Ne3 12. fxe3 Bxe4 13. exd4 Be7 14. Qe2 Bd5
15. Bxd5 Qxd5 16. Bg5 Nc6 17. Bxe7 Nxe7 18. Ng5 Qxd4+ 19. Kh1 Nf5 20. Rxf5 exf5
21. e6 f6 22. Rd1 Qxd1+ 23. Qxd1 Rd8 24. Qf3 fxg5 25. h3 Ke7 26. Qb7+ Kxe6 27.
Qxa6+ Ke5 28. Qxb5+ Kf4 29. Qc4+ Kg3 30. Qc3+ Kh4 31. Qxg7 g4 32. Qf6+ Kg3 33.
Qe5+ Kh4 34. Kh2 Rhf8 35. b4 gxh3 36. Qg3+ Kh5 37. Qxh3+ Kg5 38. Qg3+ Kf6 39.
b5 Rg8 40. Qc3+ Ke6 41. b6 Rc8 42. Qb3+ Kd7 43. Qd5+ Ke7 44. b7 Rb8 45. a4 Rg6
46. Qe5+ 1-0

[Event "X Weekend A"]
[Site "Gorgonzola ITA"]
[Date "2005.11.19"]
[Round "4"]
[White "Tencati, Giuseppe"]
[Black "Pace, Pietro Dario"]
[Result "1-0"]
[WhiteElo "2132"]
[BlackElo "2233"]
[PlyCount "145"]
[EventDate "2005.11.12"]

1. f4 c5 2. Nf3 Nc6 3. g3 g6 4. Bg2 Bg7 5. O-O d5 6. d3 Nf6 7. c3 O-O 8. Qc2 d4
9. e4 b6 10. h3 Ba6 11. Rd1 Rc8 12. a4 Ne8 13. c4 e5 14. Na3 Bb7 15. Qf2 Qd7
16. g4 exf4 17. Bxf4 Na5 18. Nc2 Nc6 19. Rf1 f6 20. Qg3 Nc7 21. h4 Ne6 22. Bd2
Rce8 23. Bh3 Qe7 24. Rf2 Bc8 25. Raf1 Ned8 26. h5 g5 27. b4 Nf7 28. bxc5 bxc5
29. Rb1 Nce5 30. Nxe5 Nxe5 31. a5 Qd6 32. Na3 Nxc4 33. Qxd6 Nxd6 34. Rc1 Re5
35. Be1 Ba6 36. Bf1 c4 37. Bb4 Rd8 38. Bxd6 Rxd6 39. Nxc4 Bxc4 40. Rxc4 Rxa5
41. Rb2 Rd7 42. Rbb4 Bf8 43. Rb8 Kf7 44. Be2 Bd6 45. Rb1 Ke7 46. Bd1 Ra3 47.
Bc2 Rc7 48. Rxc7+ Bxc7 49. Rb7 Kd6 50. Bb3 Ra1+ 51. Kf2 h6 52. Bc4 Kd7 53. Kf3
Kc8 54. Bd5 Ra5 55. Rb4 Bb6 56. Rc4+ Bc5 57. e5 fxe5 58. Ke4 Kd7 59. Kxe5 Ke7
60. Rc1 Bd6+ 61. Kxd4 Ra4+ 62. Bc4 Bf4 63. Re1+ Kf8 64. Re6 Kg7 65. Rg6+ Kh7
66. Kd5 Ra5+ 67. Kc6 Be3 68. Bg8+ Kh8 69. Be6 Kh7 70. Kd7 Bd4 71. Bf5 Bg7 72.
Ra6+ Rxf5 73. gxf5 1-0

[Event "X Weekend A"]
[Site "Gorgonzola ITA"]
[Date "2005.11.19"]
[Round "4"]
[White "Virzi, Ettore"]
[Black "Bonazzi, Edoardo"]
[Result "1/2-1/2"]
[WhiteElo "2001"]
[BlackElo "2161"]
[PlyCount "77"]
[EventDate "2005.11.12"]

1. e4 c6 2. c4 d5 3. exd5 cxd5 4. cxd5 Nf6 5. Nc3 Nxd5 6. Nf3 e6 7. d4 Nc6 8.
Bd3 Be7 9. O-O O-O 10. Re1 Bf6 11. Ne4 Bxd4 12. Nxd4 Nxd4 13. Qh5 f5 14. Ng5
Nf6 15. Qh3 h6 16. Nf3 Nxf3+ 17. Qxf3 Qd5 18. Qe2 Rd8 19. Bc4 Qd6 20. g3 Nd5
21. Bxd5 Qxd5 22. Bf4 Bd7 23. Red1 Qb5 24. Qxb5 Bxb5 25. Bc7 Rxd1+ 26. Rxd1 Rc8
27. Rd8+ Rxd8 28. Bxd8 e5 29. Bc7 e4 30. h4 Kf7 31. Bf4 Ke6 32. Kg2 Be2 33. Be3
a6 34. Bd4 g6 35. Bg7 h5 36. Bc3 Kd5 37. Bg7 b5 38. a3 Kc4 39. Bc3 1/2-1/2

[Event "X Weekend A"]
[Site "Gorgonzola ITA"]
[Date "2005.11.20"]
[Round "5"]
[White "Bellani, Alessandro"]
[Black "Bonade', Massimo"]
[Result "1-0"]
[WhiteElo "2116"]
[BlackElo "2070"]
[PlyCount "41"]
[EventDate "2005.11.12"]

1. d4 d5 2. c4 e6 3. Nc3 Nf6 4. cxd5 exd5 5. Bg5 Be7 6. e3 O-O 7. Bd3 Nbd7 8.
Nf3 Re8 9. Qc2 Nf8 10. O-O-O c6 11. Ne5 N6d7 12. h4 Nxe5 13. dxe5 b5 14. Ne2
Bd7 15. Kb1 c5 16. Nf4 Bc6 17. e6 f6 18. Bxh7+ Nxh7 19. Qg6 Nf8 20. Qf7+ Kh8
21. h5 1-0

[Event "X Weekend A"]
[Site "Gorgonzola ITA"]
[Date "2005.11.20"]
[Round "5"]
[White "Bonazzi, Edoardo"]
[Black "Barlocco, Carlo"]
[Result "1-0"]
[WhiteElo "2161"]
[BlackElo "2224"]
[PlyCount "59"]
[EventDate "2005.11.12"]

1. Nf3 Nf6 2. c4 e6 3. g3 a6 4. Bg2 b5 5. b3 Bb7 6. O-O Be7 7. Bb2 O-O 8. d3 c5
9. Nbd2 Nc6 10. e3 d5 11. Qe2 Qb6 12. Rab1 Rfd8 13. d4 Ne4 14. cxd5 exd5 15.
dxc5 Bxc5 16. Nxe4 dxe4 17. Ng5 Be7 18. Qh5 Bxg5 19. Qxg5 f6 20. Bxf6 Rd7 21.
Bxe4 Nb4 22. Bxb7 Qxb7 23. Rbd1 Rf7 24. Rd6 Nxa2 25. Rfd1 Raf8 26. Rd8 Rxd8 27.
Rxd8+ Rf8 28. Rxf8+ Kxf8 29. Bd4 Nc1 30. Qc5+ 1-0

[Event "X Weekend A"]
[Site "Gorgonzola ITA"]
[Date "2005.11.20"]
[Round "5"]
[White "Bozzali, Ermanno"]
[Black "Bertazzo, Giorgio"]
[Result "1-0"]
[WhiteElo "2108"]
[BlackElo "2137"]
[PlyCount "56"]
[EventDate "2005.11.12"]

1. d4 Nf6 2. Nf3 e6 3. Bf4 d5 4. e3 Bd6 5. Ne5 O-O 6. Nd2 c5 7. c3 Qc7 8. Bg3
Nc6 9. f4 Nd7 10. Bd3 f5 11. Bh4 Nf6 12. O-O Ne4 13. Ndf3 Bd7 14. g4 cxd4 15.
cxd4 Be8 16. gxf5 exf5 17. Qb3 Qa5 18. Bxe4 fxe4 19. Ng5 Rc8 20. Nxe4 Nxe5 21.
Nxd6 Ba4 22. Qa3 Ng4 23. Nxc8 Rxc8 24. Rac1 Re8 25. Rc3 Qa6 26. Bg3 Re6 27. b3
Qe2 28. bxa4 Rg6 1-0

[Event "X Weekend A"]
[Site "Gorgonzola ITA"]
[Date "2005.11.20"]
[Round "5"]
[White "Bressanelli, Roberto"]
[Black "Magrini, Riccardo"]
[Result "1-0"]
[WhiteElo "2102"]
[BlackElo "2194"]
[PlyCount "51"]
[EventDate "2005.11.12"]

1. e4 c5 2. Nf3 a6 3. b4 cxb4 4. a3 bxa3 5. Nxa3 d5 6. exd5 Nf6 7. c4 g6 8. Be2
Bg7 9. Bb2 O-O 10. O-O Nbd7 11. d4 Rb8 12. Ne5 Ne8 13. Kh1 Qc7 14. f4 Nd6 15.
Bd3 Nf6 16. Qf3 b5 17. cxb5 Nxb5 18. Rfc1 Qd6 19. Nxb5 axb5 20. Nc6 Rb7 21. Rc5
Bg4 22. Qg3 Bd7 23. Nb4 Nh5 24. Qe1 Qxf4 25. Nc6 Bxd4 26. Nxd4 1-0

[Event "X Weekend A"]
[Site "Gorgonzola ITA"]
[Date "2005.11.20"]
[Round "5"]
[White "Brigati, Alessandro"]
[Black "Astengo, Corrado"]
[Result "1/2-1/2"]
[WhiteElo "2006"]
[BlackElo "2105"]
[PlyCount "30"]
[EventDate "2005.11.12"]

1. d4 d5 2. c4 c6 3. Nf3 Nf6 4. Nc3 a6 5. a4 dxc4 6. e3 Bg4 7. Bxc4 e6 8. O-O
Nbd7 9. h3 Bh5 10. e4 Bxf3 11. Qxf3 Nb6 12. Qd3 Nxc4 13. Qxc4 Be7 14. Be3 O-O
15. Rfd1 Qa5 1/2-1/2

[Event "X Weekend A"]
[Site "Gorgonzola ITA"]
[Date "2005.11.20"]
[Round "5"]
[White "Cervini, Gian Piero"]
[Black "Magrini, Fabrizio"]
[Result "0-1"]
[WhiteElo "2028"]
[BlackElo "2067"]
[PlyCount "50"]
[EventDate "2005.11.12"]

1. e4 c5 2. c3 Nf6 3. e5 Nd5 4. d4 cxd4 5. Bc4 Qc7 6. Qe2 Nb6 7. Bd3 Nc6 8. Nf3
d6 9. exd6 Qxd6 10. cxd4 Bg4 11. Be3 g6 12. Nbd2 Bg7 13. h3 Bxf3 14. Nxf3 O-O
15. Rd1 Rad8 16. O-O Rfe8 17. a3 Nd5 18. Bc4 Qb8 19. Ne5 Nxe5 20. dxe5 Nxe3 21.
fxe3 e6 22. Rxd8 Rxd8 23. Qg4 Qxe5 24. Rxf7 Kxf7 25. Qf3+ Kg8 0-1

[Event "X Weekend A"]
[Site "Gorgonzola ITA"]
[Date "2005.11.20"]
[Round "5"]
[White "Facchetti, Gianni"]
[Black "Tencati, Giuseppe"]
[Result "0-1"]
[WhiteElo "2123"]
[BlackElo "2132"]
[PlyCount "80"]
[EventDate "2005.11.12"]

1. e4 e6 2. d4 d5 3. Nd2 Nf6 4. e5 Nfd7 5. Bd3 c5 6. c3 Nc6 7. Ne2 cxd4 8. cxd4
Qb6 9. Nf3 f6 10. exf6 Nxf6 11. O-O Bd6 12. Bf4 Bxf4 13. Nxf4 Qxb2 14. Re1 O-O
15. Nxe6 Bxe6 16. Rxe6 Rae8 17. Rxe8 Rxe8 18. Qc1 Qxc1+ 19. Rxc1 Rc8 20. Bf5
Re8 21. Kf1 h6 22. Bg6 Rc8 23. Bf5 Re8 24. Rc5 Kf7 25. Bc2 Ke6 26. Ba4 Rc8 27.
Rc1 Ne7 28. Re1+ Kd6 29. h3 a6 30. Bb3 b5 31. Ne5 Nf5 32. Nf3 Rc3 33. Rd1 a5
34. Rb1 b4 35. Rd1 Ne4 36. Ne1 Rc7 37. Nf3 a4 38. Bxa4 Nc3 39. Re1 Nxa4 40. Re3
Rc1+ 0-1

[Event "X Weekend A"]
[Site "Gorgonzola ITA"]
[Date "2005.11.20"]
[Round "5"]
[White "Pace, Pietro Dario"]
[Black "Virzi, Ettore"]
[Result "1-0"]
[WhiteElo "2233"]
[BlackElo "2001"]
[PlyCount "75"]
[EventDate "2005.11.12"]

1. e4 e5 2. Nf3 Nc6 3. Bb5 a6 4. Ba4 Nf6 5. O-O b5 6. Bb3 Bc5 7. c3 d6 8. d4
Bb6 9. h3 Bb7 10. Re1 O-O 11. Bg5 h6 12. Bh4 g5 13. Bg3 Re8 14. d5 Ne7 15. Nbd2
Bc8 16. a4 Rb8 17. axb5 axb5 18. Nf1 Ng6 19. N3h2 h5 20. Nf3 g4 21. N3d2 h4 22.
Bh2 gxh3 23. gxh3 Bxh3 24. Ne3 Ng4 25. Qf3 Nxe3 26. fxe3 Qg5+ 27. Kf2 Bg4 28.
Rg1 Bxf3 29. Rxg5 Ra8 30. Rxa8 Rxa8 31. Kxf3 Kh7 32. Rh5+ Kg7 33. Rg5 Kh6 34.
Rg1 Kh5 35. Rh1 h3 36. Bg3 Nh4+ 37. Kf2 Rg8 38. Rxh3 1-0

[Event "X Weekend A"]
[Site "Gorgonzola ITA"]
[Date "2005.11.20"]
[Round "5"]
[White "Piantoni, Roberto"]
[Black "Salvador, Roland"]
[Result "1/2-1/2"]
[WhiteElo "2153"]
[BlackElo "2397"]
[PlyCount "68"]
[EventDate "2005.11.12"]

1. d4 d5 2. Nf3 Nf6 3. e3 c5 4. c3 Nc6 5. dxc5 g6 6. Bb5 Bg7 7. Nbd2 O-O 8. O-O
Qc7 9. Re1 Rd8 10. Qa4 Nd7 11. Nb3 Nce5 12. Nxe5 Bxe5 13. Bxd7 Bxh2+ 14. Kh1
Bxd7 15. Qh4 Be5 16. Qxe7 f6 17. c6 bxc6 18. e4 Re8 19. Qc5 Bd6 20. Qd4 Re5 21.
Nc5 Bxc5 22. Qxc5 dxe4 23. Bf4 Rxc5 24. Bxc7 Rc8 25. Bf4 Bf5 26. Rad1 Rd5 27.
Rxd5 cxd5 28. Rd1 Be6 29. Rd4 Rc6 30. Rb4 Bc8 31. Rb5 Be6 32. Rb8+ Rc8 33. Rb7
Ra8 34. Be3 a6 1/2-1/2

[Event "X Weekend A"]
[Site "Gorgonzola ITA"]
[Date "2005.11.20"]
[Round "5"]
[White "Ranola, Yves"]
[Black "Cazzaniga, Walter"]
[Result "0-1"]
[WhiteElo "2455"]
[BlackElo "2104"]
[PlyCount "125"]
[EventDate "2005.11.12"]

1. Nf3 Nf6 2. g3 g6 3. b3 Bg7 4. Bb2 O-O 5. Bg2 c5 6. c4 Nc6 7. O-O d6 8. d4
cxd4 9. Nxd4 Bd7 10. Nc3 a6 11. Rc1 Rb8 12. e3 Qa5 13. c5 Nxd4 14. exd4 Rfd8
15. Qe2 Re8 16. Rfe1 dxc5 17. dxc5 Bc6 18. Ne4 Qxa2 19. Bxf6 Qxe2 20. Rxe2 Bxf6
21. Nxf6+ exf6 22. Rxe8+ Rxe8 23. Bxc6 bxc6 24. Ra1 Ra8 25. Kf1 Kf8 26. Ke2 Ke7
27. Kd3 h5 28. Kc4 a5 29. Ra4 h4 30. b4 h3 31. bxa5 Ra6 32. Ra3 f5 33. Kd4 Ke6
34. f4 Kf6 35. Kc4 Ke6 36. Re3+ Kd7 37. Kb4 Ra8 38. Ka4 f6 39. Re2 Ra7 40. Rb2
Ke6 41. Rd2 Ke7 42. Re2+ Kf7 43. Re1 Ra8 44. Rb1 Ke6 45. Rb7 g5 46. fxg5 fxg5
47. Rg7 f4 48. Rxg5 f3 49. Rg4 Rf8 50. Re4+ Kd5 51. Re1 f2 52. Rf1 Kxc5 53. Kb3
Kd4 54. Kb4 Ke3 55. a6 Kf3 56. a7 Kg2 57. Ra1 f1=Q 58. Rxf1 Kxf1 59. Kc5 Kg2
60. g4 Kxh2 61. g5 Kg3 62. g6 h2 63. g7 0-1

[Event "X Weekend A"]
[Site "Gorgonzola ITA"]
[Date "2005.11.20"]
[Round "6"]
[White "Agrifoglio, Fabio"]
[Black "Bonade', Massimo"]
[Result "0-1"]
[WhiteElo "2031"]
[BlackElo "2070"]
[PlyCount "78"]
[EventDate "2005.11.12"]

1. c4 Nf6 2. Nc3 c5 3. g3 g6 4. Bg2 Bg7 5. Nf3 Nc6 6. O-O O-O 7. d3 a6 8. Be3
d6 9. h3 Rb8 10. Qc1 b5 11. Bh6 Qb6 12. Bxg7 Kxg7 13. b3 Bb7 14. Re1 Nd4 15. e4
Nxf3+ 16. Bxf3 Nd7 17. Bg2 Ne5 18. Qd1 e6 19. Rc1 Nc6 20. Kh2 b4 21. Ne2 a5 22.
h4 h5 23. Bh3 a4 24. Rg1 axb3 25. axb3 Ra8 26. Ra1 Ne5 27. Nf4 Rxa1 28. Qxa1
Ra8 29. Qb2 Qa7 30. Rb1 Qa2 31. Kg2 Qxb2 32. Rxb2 Nxd3 33. Nxd3 Bxe4+ 34. f3
Bxd3 35. Rd2 Bxc4 36. bxc4 b3 37. Kf2 Ra2 38. Ke2 b2 39. Rxb2 Rxb2+ 0-1

[Event "X Weekend A"]
[Site "Gorgonzola ITA"]
[Date "2005.11.20"]
[Round "6"]
[White "Astengo, Corrado"]
[Black "Pace, Pietro Dario"]
[Result "1-0"]
[WhiteElo "2105"]
[BlackElo "2233"]
[PlyCount "85"]
[EventDate "2005.11.12"]

1. e4 c5 2. Nf3 Nc6 3. d4 cxd4 4. Nxd4 Nf6 5. Nc3 e5 6. Ndb5 d6 7. Bg5 a6 8.
Na3 b5 9. Bxf6 gxf6 10. Nd5 f5 11. c3 Bg7 12. exf5 Bxf5 13. Nc2 O-O 14. Nce3
Be6 15. Bd3 f5 16. O-O Ne7 17. Nxe7+ Qxe7 18. Bxf5 Bf7 19. Qd3 h6 20. Be4 Rad8
21. Bd5 Bxd5 22. Qxd5+ Kh8 23. Rad1 Rf6 24. Qe4 Qf7 25. Nd5 Rf5 26. Rd3 Rf8 27.
f3 Rg5 28. Rfd1 Rg8 29. R1d2 Bf8 30. Kh1 Qg7 31. Ne3 Qf7 32. b3 Rh5 33. g4 Rhg5
34. Nf5 Qh5 35. Rxd6 Qh3 36. Qxe5+ Bg7 37. Qe2 Kh7 38. Qg2 Qxg2+ 39. Rxg2 Re8
40. Rgd2 Bxc3 41. Rxh6+ Kg8 42. Rc2 b4 43. h4 1-0

[Event "X Weekend A"]
[Site "Gorgonzola ITA"]
[Date "2005.11.20"]
[Round "6"]
[White "Astengo, Marcello"]
[Black "Bellani, Alessandro"]
[Result "1-0"]
[WhiteElo "2077"]
[BlackElo "2116"]
[PlyCount "109"]
[EventDate "2005.11.12"]

1. d4 Nf6 2. c4 g6 3. Nc3 Bg7 4. e4 d6 5. f3 O-O 6. Be3 Nbd7 7. Qd2 c5 8. Rd1
Qa5 9. Nge2 a6 10. Nc1 Rb8 11. Nb3 Qb4 12. dxc5 Nxc5 13. Nd4 Nfd7 14. a3 Qa5
15. b4 Qxa3 16. bxc5 dxc5 17. Nb1 Qa4 18. Qc2 Qb4+ 19. Bd2 Qb6 20. Nb3 Ne5 21.
Be2 Bd7 22. Nc3 Qf6 23. O-O Qh4 24. Nxc5 Bc6 25. Nd5 Rfe8 26. Be3 e6 27. Nb4
Rec8 28. Nxc6 Rxc6 29. Nd7 Nxd7 30. Rxd7 b5 31. c5 Rbc8 32. Qd2 Be5 33. f4 Bb8
34. g3 Qh3 35. Rd8+ Kg7 36. Qd4+ e5 37. fxe5 Rxd8 38. Qxd8 Bxe5 39. Bd4 Qe6 40.
Bxe5+ Qxe5 41. Rxf7+ Kxf7 42. Qd7+ Kf8 43. Qxc6 Qd4+ 44. Kg2 Qe3 45. Qd6+ Kg7
46. Bf3 b4 47. c6 g5 48. e5 h5 49. Bxh5 Qe4+ 50. Kf2 Qc2+ 51. Ke3 b3 52. Qf6+
Kh7 53. Bg6+ Qxg6 54. Qxg6+ Kxg6 55. Kd3 1-0